[Event "Tarragona Province-ch B"]
[Site "Tarragona"]
[Date "2015.11.08"]
[Round "6.3"]
[White "Masalias Xifre, Jaime"]
[Black "Gil Vernet, Jaume"]
[Result "1/2-1/2"]
[WhiteElo "1876"]
[BlackElo "1830"]
[PlyCount "103"]
[EventDate "2015.09.27"]
[EventType "swiss"]
[EventRounds "9"]
[EventCountry "ESP"]
[SourceTitle "EXT 2024"]
[Source "ChessBase"]
[SourceDate "2023.10.10"]
[SourceVersion "1"]
[SourceVersionDate "2023.10.10"]
[SourceQuality "1"]

1. d4 d5 2. c4 Nf6 3. Nc3 c6 4. cxd5 cxd5 5. Bg5 e6 6. e3 Be7 7. Qc2 Nbd7 8. Bd3 h6 9. Bh4 a6 10. Nge2 b5 11. a3 Bb7 12. b4 Rc8 13. 0-0 e5 14. Qd2 e4 15. Bc2 0-0 16. Bb3 Nb6 17. Rfc1 Nc4 18. Bxc4 dxc4 19. Ng3 Re8 20. Bxf6 Bxf6 21. Qe2 Qd7 22. Ra2 Bg5 23. Rd1 f5 24. d5 Bf6 25. Qc2 Bxc3 26. Qxc3 Qf7 27. Rad2 f4 28. Nf1 f3 29. Ng3 fxg2 30. Kxg2 Rcd8 31. d6 Rd7 32. Rd4 Re6 33. Qd2 Qg6 34. Kh1 Rf6 35. Rg1 Qg4 36. Rg2 Rg6 37. Qd1 Qf3 38. Qxf3 exf3 39. Rg1 Rgxd6 40. Nf5 Rxd4 41. Nxd4 c3 42. Rc1 Rc7 43. h3 g5 44. Kh2 Rc4 45. Kg3 h5 46. Nxf3 Bxf3 47. Kxf3 Kf7 48. e4 Ke6 49. Ke3 Ke5 50. f3 c2 51. Kd3 Rd4+ 52. Ke3 1/2-1/2